[Event "Sao Sebastiao do Paraiso Ferias CXSSP I"]
[Site "Sao Sebastiao do Paraiso"]
[Date "2016.07.23"]
[Round "3.17"]
[White "Nunes, Guilherme Sacardo T"]
[Black "Miazaki, Kevin Yuri"]
[Result "1-0"]
[WhiteElo "1364"]
[BlackElo "1785"]
[PlyCount "35"]
[EventDate "2016.07.22"]
[EventType "swiss"]
[EventRounds "6"]
[EventCountry "BRA"]
[SourceTitle "EXT 2022"]
[Source "ChessBase"]
[SourceDate "2021.10.06"]
[SourceVersion "1"]
[SourceVersionDate "2021.10.06"]
[SourceQuality "1"]

1. e4 e5 2. Nf3 Nc6 3. Bb5 Nf6 4. d3 a6 5. Bxc6 dxc6 6. Nxe5 Bc5 7. Nf3 0-0 8. 0-0 Be6 9. Bg5 h6 10. Bh4 Qd6 11. Bg3 Qd7 12. Ne5 Qd4 13. c3 Qd8 14. d4 Ba7 15. Nd2 c5 16. d5 Bg4 17. Nxg4 Nxg4 18. Qxg4 1-0